[Event "Las Americas Team op U2400 Hybrid"]
[Site "Internet"]
[Date "2022.05.14"]
[Round "3.6"]
[White "Gaibor, Ivan"]
[Black "Flores Teillery, Alejandro Francisco"]
[Result "1-0"]
[WhiteElo "1692"]
[BlackElo "1825"]
[PlyCount "53"]
[EventDate "2022.05.14"]
[EventType "team-swiss"]
[EventRounds "5"]
[EventCountry "VEN"]
[SourceTitle "EXT 2023"]
[Source "ChessBase"]
[SourceDate "2022.10.05"]
[SourceVersion "1"]
[SourceVersionDate "2022.10.05"]
[SourceQuality "1"]

1. c4 g6 2. Nc3 Bg7 3. g3 c6 4. Bg2 Nf6 5. e4 e5 6. Nge2 0-0 7. 0-0 d6 8. d3 Be6 9. h3 d5 10. b3 Na6 11. Ba3 Re8 12. c5 Nh5 13. exd5 cxd5 14. b4 Qd7 15. Kh2 e4 16. dxe4 d4 17. Nd5 Bxd5 18. exd5 Qb5 19. Nxd4 Qc4 20. Rc1 Qxa2 21. Nc2 Qb3 22. d6 Rab8 23. Qd5 Qxd5 24. Bxd5 Nf6 25. Bg2 b6 26. c6 Rbd8 27. Rcd1 1-0

[Event "Mexican op 67th"]
[Site "Chihuahua City"]
[Date "2022.04.12"]
[Round "1"]
[White "Flores Teillery, Alejandro Francisco"]
[Black "Salinas Herrera, Pablo Patricio"]
[Result "0-1"]
[WhiteElo "1879"]
[BlackElo "2521"]
[PlyCount "72"]
[EventDate "2022.04.12"]
[EventType "swiss"]
[EventRounds "9"]
[EventCountry "MEX"]
[SourceTitle "CBM 207 Extra"]
[Source "ChessBase"]
[SourceDate "2022.05.31"]
[SourceVersion "1"]
[SourceVersionDate "2022.05.31"]
[SourceQuality "1"]

1. d4 d5 2. c4 e6 3. Nf3 Nf6 4. Nc3 c6 5. e3 Nbd7 6. Bd3 Bd6 7. Qc2 0-0 8. 0-0 dxc4 9. Bxc4 a6 10. e4 e5 11. Rd1 exd4 12. Nxd4 Qc7 13. h3 b5 14. Bf1 Re8 15. Nf5 Be5 16. Be3 b4 17. Na4 Nxe4 18. Rac1 Ndf6 19. Nd4 Bh2+ 20. Kh1 Bf4 21. Bxf4 Qxf4 22. f3 Ng3+ 23. Kg1 Be6 24. Nb6 Rab8 25. Nxe6 Rxe6 26. Nd7 Nxd7 27. Rxd7 Qe3+ 28. Kh2 Qe5 29. Kg1 Nxf1 30. Kxf1 Rbe8 31. Rcd1 g6 32. Qd2 a5 33. Rd4 Kg7 34. Qc2 Qh2 35. R4d2 h5 36. Qc5 Re1+ 0-1

[Event "FIDE World Cup Mexico Qual"]
[Site "Mexico City"]
[Date "2021.05.30"]
[Round "8"]
[White "Avila Bautista, Roberto Al"]
[Black "Flores Teillery, Alejandro Francisco"]
[Result "1-0"]
[WhiteElo "2040"]
[BlackElo "1700"]
[PlyCount "81"]
[EventDate "2021.05.26"]
[EventType "swiss"]
[EventRounds "9"]
[EventCountry "MEX"]
[SourceTitle "CBM 202 Extra"]
[Source "ChessBase"]
[SourceDate "2021.07.31"]
[SourceVersion "1"]
[SourceVersionDate "2021.07.31"]
[SourceQuality "1"]

1. Nf3 c5 2. c4 Nc6 3. g3 Nf6 4. Bg2 d5 5. 0-0 e5 6. cxd5 Nxd5 7. Nc3 Nc7 8. Ne1 Be6 9. Bxc6+ bxc6 10. d3 Nd5 11. Nf3 f6 12. Bd2 Be7 13. Rc1 Nb6 14. b3 Bd5 15. Ne1 0-0 16. Be3 Nd7 17. Na4 f5 18. Bxc5 Nxc5 19. Nxc5 Bg5 20. Rc2 f4 21. Nf3 fxg3 22. hxg3 Be7 23. Nxe5 Rf5 24. d4 Bxc5 25. Rxc5 Qg5 26. Qd3 Rxe5 27. dxe5 Qxe5 28. e4 Qxe4 29. Qxe4 Bxe4 30. Re1 Bd5 31. b4 Rb8 32. a3 Kf7 33. Re5 Kf6 34. f4 a6 35. Ra5 Rb6 36. Kf2 Bc4 37. Ke3 Rb8 38. Rec5 Re8+ 39. Kd4 Bd5 40. Rxa6 Re1 41. Rxd5 1-0

[Event "FIDE World Cup Mexico Qual"]
[Site "Mexico City"]
[Date "2021.05.29"]
[Round "6"]
[White "Waldo, Zalapa Alejandro"]
[Black "Flores Teillery, Alejandro Francisco"]
[Result "1/2-1/2"]
[WhiteElo "1921"]
[BlackElo "1700"]
[PlyCount "70"]
[EventDate "2021.05.26"]
[EventType "swiss"]
[EventRounds "9"]
[EventCountry "MEX"]
[SourceTitle "CBM 202 Extra"]
[Source "ChessBase"]
[SourceDate "2021.07.31"]
[SourceVersion "1"]
[SourceVersionDate "2021.07.31"]
[SourceQuality "1"]

1. c4 Nf6 2. Nc3 g6 3. d4 Bg7 4. e4 d6 5. h3 0-0 6. Be3 e5 7. d5 Na6 8. Nge2 Nc5 9. Qc2 Nh5 10. g4 Nf4 11. Nxf4 exf4 12. Bxf4 f5 13. gxf5 Bxc3+ 14. bxc3 Nxe4 15. Be3 Bxf5 16. Bd3 Qe7 17. 0-0-0 Ng3 18. Rhe1 Ne4 19. f3 Ng5 20. Bd4 Qf7 21. Qg2 Nxh3 22. Bxf5 Qxf5 23. Re7 Rf7 24. Rxf7 Kxf7 25. Rh1 Qf4+ 26. Kb2 Ng5 27. Rg1 h6 28. Qh1 Nh7 29. Rg4 Qd2+ 30. Kb3 Re8 31. Rg2 Qf4 32. Rg4 Qd2 33. Qb1 Ng5 34. f4 Nh7 35. Qh1 Ng5 1/2-1/2